000 00348nam a2200121Ia 4500
008 220216s9999 xx 000 0 und d
100 _aCockbain E G
245 0 _aNR latex applications and developments
260 _bRubber Research Institute of Ceylon Quarterly Journal
_c1971
300 _a244-251
650 _aNatural rubber latex
942 _cJS
999 _c64146
_d64146